Score 0/16 Timer 04:00
5 Plays Today
Question Answer Wrong Answers
Movie
Cinderella
Lady Tremaine
93.8%
Edgar Balthazar
0.6%
Mother Gothel
0.7%
Professor Ratigan
0.6%
Movie
Tangled
Mother Gothel
93.2%
Edgar Balthazar
0.6%
Lady Tremaine
0.4%
Professor Ratigan
0.7%
Evil Plot
Keep Rapunzel locked up forever and gain eternal youth from her hair
Mother Gothel
91.9%
Edgar Balthazar
0.7%
Lady Tremaine
1.9%
Professor Ratigan
0.5%
Movie
The Great Mouse Detective
Professor Ratigan
90.8%
Edgar Balthazar
3.7%
Mother Gothel
0.3%
Lady Tremaine
0.2%
Evil Plot
Use their stepdaughter as a slave while marrying one of their own daughters off to the prince
Lady Tremaine
89.8%
Edgar Balthazar
1.3%
Mother Gothel
3.8%
Professor Ratigan
0.7%
Ultimate Fate
Left in a miserable life after their stepdaughter married royalty
Lady Tremaine
86.7%
Edgar Balthazar
1.6%
Mother Gothel
6.5%
Professor Ratigan
0.9%
Ultimate Fate
Aged rapidly into dust after spell is broken
Mother Gothel
84.4%
Edgar Balthazar
1.6%
Lady Tremaine
6.6%
Professor Ratigan
2.3%
Henchmen
Anastasia & Drizella
Lady Tremaine
83.2%
Edgar Balthazar
4.3%
Mother Gothel
4.7%
Professor Ratigan
3.6%
Henchmen
Fidget the Bat
Professor Ratigan
82.4%
Edgar Balthazar
5.6%
Mother Gothel
5.4%
Lady Tremaine
1.3%
Movie
The Aristocats
Edgar Balthazar
82.3%
Mother Gothel
0.4%
Lady Tremaine
2%
Professor Ratigan
10.4%
Evil Plot
Get rid of boss' cats to ensure their own inheritance
Edgar Balthazar
75.5%
Mother Gothel
0.8%
Lady Tremaine
1.8%
Professor Ratigan
16.8%
Ultimate Fate
Falls to their death off of Big Ben
Professor Ratigan
72.5%
Edgar Balthazar
16.4%
Mother Gothel
3.9%
Lady Tremaine
2.3%
Ultimate Fate
Trapped in a trunk and shipped to Timbuktu
Edgar Balthazar
63.4%
Mother Gothel
4.1%
Lady Tremaine
1.3%
Professor Ratigan
26%
Henchmen
None
Edgar Balthazar
54.5%
Mother Gothel
21%
Lady Tremaine
11.3%
Professor Ratigan
8%
Evil Plot
Overthrow the queen and become supreme ruler
Professor Ratigan
48.7%
Edgar Balthazar
5.7%
Mother Gothel
27.7%
Lady Tremaine
12.7%
Henchmen
The Stabbington Brothers
Mother Gothel
43.6%
Edgar Balthazar
19.1%
Lady Tremaine
2%
Professor Ratigan
30.1%

Today's Daily Dose

Quick Pick
2004 Events

Get the Picture
Thor Movies

You're not logged in!

Compare scores with friends on all Sporcle quizzes.
OR
Log In

Sporcle TV

Today on Sporcle TV


Watch our educational content, quiz creation guides, and fun videos on Sporcle TV.

Show Comments

Extras

Top Quizzes Today


Score Distribution

Paid Content

Your Account Isn't Verified!

In order to create a playlist on Sporcle, you need to verify the email address you used during registration. Go to your Sporcle Settings to finish the process.

Report this User

Report this user for behavior that violates our Community Guidelines.

Details: